Inverse problems and imaging

Αποθηκεύτηκε σε:
Λεπτομέρειες βιβλιογραφικής εγγραφής
Άλλοι συγγραφείς: Roach, G. F. (Gary Francis) (Επιμελητής έκδοσης)
Μορφή: Βιβλίο
Γλώσσα:English
Δημοσίευση: Harlow, Essex, England : New York : Longman Scientific & Technical, Wiley, 1991
Σειρά:Pitman research notes in mathematics series ; 245
Θέματα:
Ετικέτες: Προσθήκη ετικέτας
Δεν υπάρχουν, Καταχωρήστε ετικέτα πρώτοι!

MARC

LEADER 00000cam a2200000 i 4500
001 1/39106
008 941103s1991####enk| ||| |||| ||eng||
020 |a 0582064244 
020 |a 0470217189 
035 |l 10040929 
035 |a 1993 
040 |a GR-MyUA  |b gre  |e AACR2 
041 0 |a eng 
082 0 |a 621.3673  |2 (20) 
245 1 0 |a Inverse problems and imaging /   |c G.F. Roach (editor).  
260 |a Harlow, Essex, England :   |a New York :   |b Longman Scientific & Technical,   |b Wiley,   |c 1991 
300 |a 263 σ :   |b εικ. ;   |c 25 εκ.  
490 1 |a (Pitman research notes in mathematics series   |v ; 245)  
500 |a Proceedings of a meeting held at the University of Strathclyde in 1988 
504 |a Περιέχει βιβλιογραφικές αναφορές.  
650 0 0 |a Tomography  |x Mathematics  |x Congresses. 
650 0 0 |a Inverse problems (Differential equations)  |x Congresses. 
700 1 |a Roach, G. F.   |q (Gary Francis)  |e edt 
830 0 |a Pitman research notes in mathematics series ;  |v  245 
852 |a INST  |b SAMOS  |e 19941103  |h 621.3673 INV  |p 005300007258  |q 005300007258  |t BK  |y 0 
909 |a Σ  |b 030656